000 00691nam a2200229 a 4500
001 74901
003 BD-RjUL
005 20211209082622.0
008 170520r19711966nyua b 001 0 eng
020 _a0060441720
035 _a(BD-RjUL)75119
040 _aDLC
_cDLC
_dm.c
_dOCL
_dMCL
_dBD-RjUL
_beng
041 _aeng
082 _223
_a572
_bGEB 1952
100 1 _aGero, Alexander.
_936791
245 1 0 _aBiological chemistry : an introduction to biochemistry /
_cAlexander Gero
260 _aNew York :
_bThe Blakiston co.,
_c1952
300 _axvi, 339 p. :
_bill. ;
_c23 cm
504 _aIncludes bibliographical references and index.
650 0 _aBiochemistry.
_936792
942 _2ddc
_cBK
999 _c74901
_d74901